000 00375 a2200169 4500
001 173666
020 _a85-16-03569-7
040 _cMagnum
100 _aRocha, Ruth
240 1 0 _aO que os olhos não vêem
_lpor
245 1 0 _aO que os olhos não vêem
300 _a38
362 0 _a2009
440 1 _aSalamandra
697 _aLITERATURA INFANTO-JUVENIL
942 _cBK
999 _c173666
_d173666